Principal Cities of Virginia - Statistics

General Stats
  • This quiz has been taken 7 times
  • The average score is 15 of 23
Answer Stats
Population Answer % Correct
159,467 Alexandria
100%
238,643 Arlington
100%
238,005 Norfolk
100%
226,610 Richmond
100%
459,470 Virginia Beach
100%
46,553 Charlottesville
86%
137,148 Hampton
86%
186,247 Newport News
86%
100,011 Roanoke
86%
42,590 Danville
71%
79,009 Lynchburg
71%
28,120 Winchester
71%
44,826 Blacksburg
57%
51,814 Harrisonburg
57%
97,915 Portsmouth
57%
25,750 Staunton
57%
17,219 Bristol
43%
22,196 Waynesboro
43%
13,485 Martinsville
29%
16,070 Radford
29%
23,348 Christiansburg
14%
63,226 Reston
14%
5,254 Big Stone Gap
0%
No matching quizzes found
Score Distribution
Percent of People with Each Score
Percentile by Number Answered
Your Score History
You have not taken this quiz